000 01269nam0a22002531 4500
001 v19\rc\1240914
005 20260531063632.0
035 _a(NLR Aleph) 005197293
090 _a5273595
_c5273595
100 _a20060306d1886 |||y0rusy50 ca
101 0 _arus
102 _aRU
105 _ay z |||||
200 1 _aМатериалы для истории Антропологической выставки 1879 года
_fСобранные А.П. Богдановым
210 _aМосква
_d1886
225 1 _aИзвестия общества любителей естествознания, антропологии и этнографии
_iАнтропологическая выставка...
_vТ. 4, ч. 2
_vТ. 49, вып. 2
532 1 1 _aМатериалы для истории Антропологической выставки тысяча восемьсот семьдесят девятого года
700 1 _7ca
_8rus
_aБогданов
_bА. П.
_cантрополог и зоолог
_f1834-1896
_gАнатолий Петрович
_9394
_3RU\NLR\AUTH\7717305
801 2 _aRU
_bNLR
_c20071006
_2rusmarc
801 0 _aRU
_bNLR
_c20060306
_gpsbo
801 1 _aRU
_bProSoft-M
_c20060306
_2rusmarc
852 _aNLR
_jП8/181
942 _cBOOK
980 _aNB